00826cam a22002531a 4500001001300000003000400013005001700017008004100034010001700075035001900092040002700111041001100138042001200149050001500161100004500176245008900221260004200310300002000352500009200372504004100464500001000505650004000515999001700555g 01002214 DLC20260227111257.0820817s1899 gw b 000 0 ger  ag 01002214  a(OCoLC)8696528 aDLCcGEU-TdGEU-TdDLC0 agergrc apremarc00aBT871b.B71 aBornhäuser, Karl Bernhard,d1868-1947.14aDas Recht des Bekenntnisses zur Auferstehung des Fleisches /cvon Karl Bornhäuser. aGütersloh :bC. Bertelsmann,c1899. a67 p. ;c22 cm. aOriginally presented as the author's thesis (doctoral)--Universität Greifswald, 1899. aIncludes bibliographical references. aVita. 0aResurrectionxHistory of doctrines. c23928d23928